[Event "Mittelfranken-chTB2a 1819"]
[Site "Mittelfranken"]
[Date "2019.03.31"]
[Round "8.3"]
[White "Kramer, Manuel"]
[Black "Fischer, Gerd"]
[Result "1/2-1/2"]
[WhiteElo "1880"]
[BlackElo "1956"]
[PlyCount "105"]
[EventDate "2018.10.14"]
[EventType "team-tourn"]
[EventRounds "9"]
[EventCountry "GER"]
[SourceTitle "EXT 2022"]
[Source "ChessBase"]
[SourceDate "2021.10.06"]
[SourceVersion "1"]
[SourceVersionDate "2021.10.06"]
[SourceQuality "1"]
[WhiteTeam "Bubenreuth"]
[BlackTeam "Ansbach/Bad Windsheim"]
[WhiteTeamCountry "GER"]
[BlackTeamCountry "GER"]

1. d4 Nf6 2. Nf3 b6 3. g3 Bb7 4. Bg2 g6 5. 0-0 Bg7 6. c4 0-0 7. Nc3 d6 8. Qc2 c5 9. d5 a6 10. a4 Nbd7 11. b3 Re8 12. Bb2 Nf8 13. Ng5 h6 14. Nge4 Nh5 15. e3 f5 16. Nd2 e5 17. dxe6 Bxg2 18. Kxg2 Nxe6 19. Rfd1 Ra7 20. Nf3 Rd7 21. Rd2 Ng5 22. Nxg5 hxg5 23. Rad1 Nf6 24. Nd5 Nxd5 25. Rxd5 Be5 26. Qd2 Qf6 27. Bxe5 Rxe5 28. Rxd6 Rxd6 29. Qxd6 Re6 30. Qd8+ Qxd8 31. Rxd8+ Kf7 32. Kf3 g4+ 33. Kg2 a5 34. h3 gxh3+ 35. Kxh3 Ke7 36. Rb8 Kf7 37. g4 fxg4+ 38. Kxg4 Kf6 39. Kf4 g5+ 40. Kg4 Re4+ 41. Kf3 Re6 42. e4 Ke5 43. Ke3 Kf6 44. f3 Ke5 45. Rf8 Rg6 46. Rf5+ Ke6 47. Kf2 g4 48. f4 g3+ 49. Kg2 Rg4 50. Re5+ Kf6 51. Rd5 Rxf4 52. Kxg3 Rxe4 53. Kf3 1/2-1/2

[Event "GER-chT Seniors 25th"]
[Site "Magdeburg"]
[Date "2016.10.11"]
[Round "3.12"]
[White "Villing, Dieter"]
[Black "Fischer, Gerd"]
[Result "0-1"]
[WhiteElo "2128"]
[BlackElo "2090"]
[PlyCount "34"]
[EventDate "2016.10.09"]
[EventType "team-swiss"]
[EventRounds "7"]
[EventCountry "GER"]
[SourceTitle "EXT 2019"]
[Source "ChessBase"]
[SourceDate "2018.10.10"]
[SourceVersion "1"]
[SourceVersionDate "2018.10.10"]
[SourceQuality "1"]
[WhiteTeam "Rheinland Pfalz"]
[BlackTeam "Bayern II"]
[WhiteTeamCountry "GER"]
[BlackTeamCountry "GER"]

1. d4 d5 2. Nc3 Bf5 3. f3 e6 4. e4 Bg6 5. Nge2 dxe4 6. Nxe4 Nf6 7. N2c3 Nxe4 8. fxe4 Bb4 9. Kf2 0-0 10. Be3 Bxc3 11. bxc3 Bxe4 12. Bd3 Qf6+ 13. Kg1 Qg6 14. Bxe4 Qxe4 15. Qd2 Nd7 16. Re1 Qd5 17. Rb1 Nb6 0-1

[Event "Bayern-chI Bank Hofmann 19th"]
[Site "Bad Wiessee"]
[Date "2015.11.01"]
[Round "2"]
[White "Fischer, Gerd"]
[Black "Andersson, Ulf"]
[Result "0-1"]
[WhiteElo "2096"]
[BlackElo "2510"]
[PlyCount "103"]
[EventDate "2015.10.31"]
[EventType "swiss"]
[EventRounds "9"]
[EventCountry "GER"]
[SourceTitle "CBM 169 Extra"]
[Source "ChessBase"]
[SourceDate "2015.12.18"]
[SourceVersion "1"]
[SourceVersionDate "2015.12.18"]
[SourceQuality "1"]

1. Nf3 Nf6 2. b3 g6 3. Bb2 Bg7 4. g3 c5 5. Bg2 d5 6. 0-0 0-0 7. e3 Nc6 8. d4 cxd4 9. Nxd4 Nxd4 10. Bxd4 Qc7 11. Nd2 e5 12. Bb2 Bg4 13. Bf3 Bxf3 14. Nxf3 Rfe8 15. Rc1 Rad8 16. c4 d4 17. exd4 exd4 18. Qd3 Ne4 19. b4 Nc3 20. Rce1 Nxa2 21. Qb3 Nc3 22. Nxd4 Ne4 23. Rd1 a6 24. c5 h5 25. Nf3 Qc6 26. Bxg7 Kxg7 27. Rxd8 Rxd8 28. Re1 Re8 29. Qd3 Nf6 30. Rxe8 Qxe8 31. Qc3 Qe6 32. Ng5 Qf5 33. h4 Kg8 34. Qd4 Qb1+ 35. Kg2 Qf5 36. Qd8+ Kg7 37. Qd4 Qd5+ 38. Nf3 Qe4 39. Qc3 Qc6 40. Kg1 Kg8 41. Ne5 Qe4 42. c6 bxc6 43. Nxc6 Ng4 44. Qc5 Kh7 45. Nb8 Ne5 46. Nxa6 Nf3+ 47. Kf1 Nd2+ 48. Kg1 Qb1+ 49. Kh2 Nf3+ 50. Kg2 Ne1+ 51. Kh2 Qe4 52. Nb8 0-1

[Event "Forchheim op-A 14th"]
[Site "Forchheim"]
[Date "2015.10.04"]
[Round "5"]
[White "Fischer, Gerd"]
[Black "Bathray, Johannes"]
[Result "1/2-1/2"]
[WhiteElo "2096"]
[BlackElo "2154"]
[PlyCount "142"]
[EventDate "2015.10.02"]
[EventType "swiss"]
[EventRounds "5"]
[EventCountry "GER"]
[SourceTitle "EXT 2019"]
[Source "ChessBase"]
[SourceDate "2018.10.10"]
[SourceVersion "1"]
[SourceVersionDate "2018.10.10"]
[SourceQuality "1"]

1. e4 c5 2. f4 d5 3. e5 Nc6 4. Nf3 Bg4 5. Be2 e6 6. d3 Nge7 7. c3 Nf5 8. 0-0 Be7 9. Na3 0-0 10. Nc2 d4 11. Nfxd4 Bxe2 12. Nxe2 Qd5 13. Ne3 Nxe3 14. Bxe3 Rfd8 15. Nc1 Bf8 16. Qf3 Ne7 17. Nb3 Nf5 18. d4 cxd4 19. Bxd4 Nxd4 20. cxd4 Qd7 21. Rac1 a5 22. Rfd1 b6 23. Rc2 a4 24. Nc1 Rac8 25. Rxc8 Qxc8 26. Qc3 Qb7 27. Ne2 Rc8 28. Qd3 h6 29. Nc3 Qc6 30. Rc1 a3 31. b3 Qd7 32. Ne2 Bb4 33. Rxc8+ Qxc8 34. Qc4 Qf8 35. Nc3 Bxc3 36. Qxc3 Qa8 37. Qd3 Qc6 38. Kf2 Qc1 39. g3 Qb2+ 40. Qe2 Qxd4+ 41. Kg2 Qb2 42. Kf3 Qb1 43. Qd2 h5 44. Ke3 Qg1+ 45. Qf2 Qc1+ 46. Qd2 Qb1 47. Qd8+ Kh7 48. Qd3+ Qxd3+ 49. Kxd3 h4 50. Kc4 Kg6 51. Kb5 Kf5 52. Kxb6 h3 53. Kc5 Ke4 54. b4 Kf3 55. Kd4 f5 56. b5 Kg2 57. Ke3 Kxh2 58. Kf2 g5 59. fxg5 f4 60. g4 f3 61. b6 Kh1 62. b7 h2 63. Kg3 f2 64. b8Q f1Q 65. Qb7+ Kg1 66. Qb6+ Kh1 67. Qc6+ Kg1 68. Qc5+ Kh1 69. Qc6+ Kg1 70. Qc5+ Kh1 71. Qc6+ Kg1 1/2-1/2

[Event "Rhodes Colossus op"]
[Site "Rhodes"]
[Date "2015.09.03"]
[Round "4"]
[White "Fischer, Gerd"]
[Black "Carlstedt, Jonathan"]
[Result "0-1"]
[WhiteElo "1922"]
[BlackElo "2440"]
[PlyCount "88"]
[EventDate "2015.09.01"]
[EventType "swiss"]
[EventRounds "9"]
[EventCountry "GRE"]
[SourceTitle "EXT 2017"]
[Source "ChessBase"]
[SourceDate "2016.10.25"]
[SourceVersion "1"]
[SourceVersionDate "2016.10.25"]
[SourceQuality "1"]

1. Nf3 Nf6 2. b3 d5 3. Bb2 Bg4 4. e3 Nbd7 5. Be2 c6 6. 0-0 Bxf3 7. Bxf3 e5 8. d3 Bd6 9. c4 0-0 10. cxd5 Nxd5 11. d4 N5f6 12. Nd2 Qc7 13. h3 Rfe8 14. dxe5 Nxe5 15. Qc2 Rad8 16. Rad1 Qe7 17. Qf5 Bb8 18. Nc4 Nxf3+ 19. gxf3 Nd5 20. Kh1 b5 21. Rg1 g6 22. Nd2 Qc7 23. f4 Qd7 24. Qxd7 Rxd7 25. Nf3 Red8 26. Be5 Bd6 27. Bxd6 Rxd6 28. Rc1 Nb4 29. Nd4 Nxa2 30. Rxc6 a6 31. Ra1 Nb4 32. Rc7 Kg7 33. Kg2 Nd5 34. Rb7 Nxf4+ 35. exf4 Rxd4 36. Rxa6 Rxf4 37. Rxb5 Rd2 38. Rb7 Rdxf2+ 39. Kg1 h5 40. Ra4 Rf1+ 41. Kg2 R4f2+ 42. Kg3 Rf3+ 43. Kg2 R1f2+ 44. Kg1 Rb2 0-1

[Event "GER-chT Seniors 23rd"]
[Site "Bergen"]
[Date "2014.09.03"]
[Round "3.4"]
[White "Mueller, Rudolf"]
[Black "Fischer, Gerd"]
[Result "0-1"]
[WhiteElo "2177"]
[BlackElo "2101"]
[PlyCount "80"]
[EventDate "2014.09.01"]
[EventType "team-swiss"]
[EventRounds "7"]
[EventCountry "GER"]
[SourceTitle "EXT 2018"]
[Source "ChessBase"]
[SourceDate "2017.10.13"]
[SourceVersion "1"]
[SourceVersionDate "2017.10.13"]
[SourceQuality "1"]

1. e4 c5 2. Nf3 d6 3. d4 cxd4 4. Nxd4 Nf6 5. Nc3 a6 6. Bg5 e6 7. f4 Be7 8. Qf3 h6 9. Bh4 Nc6 10. Nxc6 bxc6 11. 0-0-0 Nd7 12. Bf2 Qc7 13. Qg3 Bf6 14. Bc4 0-0 15. Rhf1 d5 16. Bb3 Bxc3 17. bxc3 a5 18. exd5 cxd5 19. Bd4 f6 20. Qe3 Ra6 21. a4 Bb7 22. Rde1 f5 23. Rf3 Nf6 24. Rg3 Rf7 25. Rg6 Kh7 26. Qg3 Nh5 27. Qh4 Kxg6 28. Be5 Qe7 29. Qf2 Nf6 30. h3 Ne4 31. Qe2 Qa3+ 32. Kb1 Rb6 33. Qd1 Bc6 34. Rxe4 fxe4 35. Qg4+ Kh7 36. Qxe6 Rxb3+ 37. cxb3 Qxb3+ 38. Kc1 Bxa4 39. Kd2 Qd1+ 40. Ke3 Qe1+ 0-1

[Event "Bayern-ch op Seniors 26th"]
[Site "Bergen"]
[Date "2014.06.25"]
[Round "5"]
[White "Fischer, Gerd"]
[Black "Goy, Udo"]
[Result "1/2-1/2"]
[WhiteElo "2008"]
[BlackElo "2032"]
[PlyCount "57"]
[EventDate "2014.06.21"]
[EventType "swiss"]
[EventRounds "7"]
[EventCountry "GER"]
[SourceTitle "EXT 2018"]
[Source "ChessBase"]
[SourceDate "2017.10.13"]
[SourceVersion "1"]
[SourceVersionDate "2017.10.13"]
[SourceQuality "1"]

1. e4 d6 2. d4 Nf6 3. Nc3 c6 4. Nf3 Bg4 5. Be2 Nbd7 6. Be3 e5 7. h3 Bxf3 8. Bxf3 Be7 9. 0-0 0-0 10. g4 Ne8 11. Ne2 g6 12. Kh2 Ng7 13. Rg1 Qc7 14. Ng3 Rad8 15. c4 c5 16. d5 Rb8 17. a4 Kh8 18. Qd2 Rg8 19. Rg2 Rbf8 20. Bh6 Nb8 21. Be2 f6 22. Rag1 Rf7 23. h4 Ne8 24. Be3 Na6 25. Kh1 Nb4 26. h5 g5 27. Nf5 Bf8 28. h6 Rg6 29. Rh2 1/2-1/2

[Event "Regionalliga NO 1314"]
[Site "Bayern"]
[Date "2013.10.13"]
[Round "1.3"]
[White "Feldheim, Jonas"]
[Black "Fischer, Gerd"]
[Result "0-1"]
[WhiteElo "2010"]
[BlackElo "2008"]
[PlyCount "80"]
[EventDate "2013.10.13"]
[EventType "team-tourn"]
[EventRounds "9"]
[EventCountry "GER"]
[SourceTitle "EXT 2015"]
[Source "ChessBase"]
[SourceDate "2014.11.20"]
[SourceVersion "1"]
[SourceVersionDate "2014.11.20"]
[SourceQuality "1"]
[WhiteTeam "Bechhofen"]
[BlackTeam "Gunzenhausen"]
[WhiteTeamCountry "GER"]
[BlackTeamCountry "GER"]

1. e4 e6 2. d4 d5 3. Nc3 Nf6 4. Bg5 Be7 5. e5 Nfd7 6. h4 h6 7. Bxe7 Qxe7 8. Qg4 0-0 9. f4 f5 10. Qg3 a6 11. Nf3 c5 12. Rd1 Nc6 13. Be2 cxd4 14. Nxd4 Nxd4 15. Rxd4 b5 16. a3 Nb6 17. 0-0 Bd7 18. Nb1 a5 19. Nd2 Rfc8 20. c3 Na4 21. Rb1 Nc5 22. Qf2 Rab8 23. g3 Na4 24. Qe3 Nxb2 25. Rxb2 Qxa3 26. Rc2 b4 27. Nb1 Qa1 28. Rc1 bxc3 29. Nxc3 Qa3 30. Qd2 Rb2 31. Qe1 Rb3 32. Bc4 Rxc4 33. Rxc4 dxc4 34. Qd2 Bc6 35. h5 Bd5 36. Nxd5 Rxg3+ 37. Kf1 Qf3+ 38. Qf2 Qd3+ 39. Qe2 Qxd5 40. Qxc4 Qh1+ 0-1

[Event "Forchheim op-A 12th"]
[Site "Forchheim"]
[Date "2013.09.29"]
[Round "4"]
[White "Schulz, Lukas"]
[Black "Fischer, Gerd"]
[Result "1-0"]
[WhiteElo "1915"]
[BlackElo "2159"]
[PlyCount "77"]
[EventDate "2013.09.27"]
[EventType "swiss"]
[EventRounds "5"]
[EventCountry "GER"]
[SourceTitle "CBM 156 Extra"]
[Source "ChessBase"]
[SourceDate "2013.10.22"]
[SourceVersion "1"]
[SourceVersionDate "2013.10.22"]
[SourceQuality "1"]

1. e4 d5 2. exd5 Nf6 3. d4 Nxd5 4. c4 Nf6 5. Nc3 e6 6. Nf3 c5 7. Be3 cxd4 8. Qxd4 Qxd4 9. Nxd4 a6 10. Be2 Bb4 11. 0-0 Bxc3 12. bxc3 0-0 13. Rab1 e5 14. Nf3 Nc6 15. Rfd1 Ne4 16. Rb3 Be6 17. Nd2 Nxd2 18. Rxd2 Na5 19. Rb4 Rac8 20. c5 Rfd8 21. Rbb2 f5 22. f3 f4 23. Bf2 Rxd2 24. Rxd2 Kf7 25. Bd3 h6 26. Kf1 g5 27. Be4 Ke7 28. Rb2 Rc7 29. Ke1 Rd7 30. Rb6 Bxa2 31. Rxh6 Bf7 32. h4 gxh4 33. Bxh4+ Kf8 34. Bf6 Nc4 35. Bf5 Rd1+ 36. Kxd1 Ne3+ 37. Kd2 Nxf5 38. Rh8+ Bg8 39. Bxe5 1-0

[Event "Bayern-ch Seniors 25th"]
[Site "Bergen"]
[Date "2013.06.22"]
[Round "9.1"]
[White "Oechslein, Rainer"]
[Black "Fischer, Gerd"]
[Result "1/2-1/2"]
[WhiteElo "2182"]
[BlackElo "2071"]
[PlyCount "44"]
[EventDate "2013.06.15"]
[EventType "swiss"]
[EventRounds "9"]
[EventCountry "GER"]
[SourceTitle "EXT 2022"]
[Source "ChessBase"]
[SourceDate "2021.10.06"]
[SourceVersion "1"]
[SourceVersionDate "2021.10.06"]
[SourceQuality "1"]

1. e4 d5 2. exd5 Nf6 3. d4 Nxd5 4. Nf3 e6 5. Bd3 c5 6. 0-0 cxd4 7. Nxd4 Bd7 8. c4 Nf6 9. Re1 Be7 10. Nc3 Nc6 11. Nf3 0-0 12. Bg5 h6 13. Bh4 Re8 14. Qe2 Nh7 15. Bxh7+ Kxh7 16. Rad1 Bxh4 17. Nxh4 Kg8 18. Nf3 Re7 19. Rd2 a6 20. Red1 Qc7 21. c5 Be8 22. a3 Rd8 1/2-1/2